Statistiques concernant Culture Générale - Série 465

Cliquez ici pour prendre le quiz!

Statistiques générales

  • Ce quiz a été pris 153 fois
  • Le résultat moyen est 4 sur 10

Statistiques - réponses

QuestionRéponse% Correct
Quel acteur, prénommé Antonio, incarne Che Guevara dans le film "Evita", en 1997 ?Antonio Banderas
80%
Quelle capitale fait face à Buenos Aires, sur l'autre rive du Rio de la Plata ?Montevideo
55%
Quel mot emprunté à l'espagnol désigne un gardien de troupeau dans la pampa ?Gaucho
48%
Quel écrivain fait passer "Les Enfants du capitaine Grant" par la Patagonie ?Jules Verne
43%
Quel navigateur s'est fait surnommer "l'Amiral" ?Olivier de Kersauson
42%
En 1990, avec qui Florence Arthaud chante‐t‐elle le titre "Flo" ?Pierre Bachelet
37%
A quel navigateur Eric Tabarly a‐t‐il vendu Pen Duick 4 ?Alain Colas
22%
Qui est le réalisateur de "1492 : Christophe Colomb" avec Gérard Depardieu ?Ridley Scott
12%
Avec qui Cousteau a‐t‐il coréalisé "Le Monde du silence" ?Louis Malle
10%
Qui fut président de l'Argentine de 1989 à 1999 ?Carlos Menem
7%

Distribution des résultats

Percentile par nombre de réponses

% des personnes avec chaque résultat

Votre développement - résultats

Vous n’avez pas pris ce quiz